| 000 | 00641nam a2200217 a 4500 | ||
|---|---|---|---|
| 005 | 20240815063715.0 | ||
| 008 | 991125s1974 ea 000 0 fre u | ||
| 020 | _a2203125225 | ||
| 035 | _aUPN01000031490 | ||
| 049 | _aI | ||
| 050 | 4 |
_aQL467.2 _aG7.3 |
|
| 100 | 1 |
_aGree, Alain, _d1936- _928887 |
|
| 245 | 1 | 4 |
_aLes insectes / _cAlain Gree. |
| 260 |
_aBelgique : _bCasterman, _c1974. |
||
| 300 |
_a29 p. : _bil. col. |
||
| 440 | 0 | _aCadet-rama | |
| 650 | 4 |
_aAnimales _xHábitos y comportamiento _91059 |
|
| 650 | 4 |
_aANIMALES Y PLANTAS - _xDISTRIBUCION GEOGRAFICA _94744 |
|
| 650 | 4 |
_aINSECTOS - _vLITERATURA JUVENIL _95136 |
|
| 905 | _aInfantil | ||
| 999 |
_c31490 _d31490 |
||